书目信息 |
| 题名: |
有机农业
|
|
| 作者: | 乔玉辉 , 曹志平 主编 | |
| 分册: | ||
| 出版信息: | 北京 化学工业出版社 2017重印 |
|
| 页数: | 251页 | |
| 开本: | 24cm | |
| 丛书名: | 生态学重点学科丛书 | |
| 单 册: | ||
| 中图分类: | S34 | |
| 科图分类: | ||
| 主题词: | 有机农业--You Ji Nong Ye | |
| 电子资源: | ||
| ISBN: | 978-7-122-25119-0 | |
| 000 | 01411nam 2200313 45 | |
| 001 | 012001002519 | |
| 005 | 20191121141416.62 | |
| 010 | @a978-7-122-25119-0@dCNY49.80 | |
| 099 | @aCAL 012016007710 | |
| 100 | @a20160118d2016 em y0chiy50 ea | |
| 101 | 0 | @achi |
| 102 | @aCN@b110000 | |
| 105 | @aak a 000yy | |
| 106 | @ar | |
| 200 | 1 | @a有机农业@AYou Ji Nong Ye@d= Organic agriculture@f乔玉辉, 曹志平主编@zeng |
| 205 | @a第2版 | |
| 210 | @a北京@c化学工业出版社@d2017重印 | |
| 215 | @a251页@c图@d24cm | |
| 225 | 2 | @a生态学重点学科丛书@ASheng Tai Xue Zhong Dian Xue Ke Cong Shu |
| 320 | @a有书目 | |
| 330 | @a本书共分十二章,按有机产品“从田间到餐桌”的顺序编写,分别介绍了有机农业的发展历史、现状与展望;有机农业生产的前期准备,包括有机农业对产地环境、有机农业生产投入物质的要求;有机农业的生产过程中土壤培肥和植物保护等方面的技术要求;几种代表性的粮食、蔬菜、水果和畜禽的有机生产技术;有机食品的收获后管理、食品安全,以及对加工、运输过程的特殊要求;国际有机农业的标准体系、有机食品的认证以及有机产品的贸易与市场;最后对有机农业课程的实习提出了一些方案与建议,并介绍了国内外知名有机农场的案例。 | |
| 410 | 0 | @12001 @a生态学重点学科丛书 |
| 510 | 1 | @aOrganic agriculture@zeng |
| 606 | 0 | @a有机农业@AYou Ji Nong Ye |
| 690 | @aS34@v5 | |
| 701 | 0 | @a乔玉辉@AQiao Yu Hui@4主编 |
| 701 | 0 | @a曹志平@ACao Zhi Ping@4主编 |
| 801 | 0 | @aCN@b北京卓展@c20191020 |
| 905 | @b1203729-32@dS34@e61=2@f4 | |
| 有机农业= Organic agriculture/乔玉辉, 曹志平主编.-第2版.-北京:化学工业出版社,2017重印 |
| 251页:图;24cm.-(生态学重点学科丛书) |
| ISBN 978-7-122-25119-0:CNY49.80 |
| 本书共分十二章,按有机产品“从田间到餐桌”的顺序编写,分别介绍了有机农业的发展历史、现状与展望;有机农业生产的前期准备,包括有机农业对产地环境、有机农业生产投入物质的要求;有机农业的生产过程中土壤培肥和植物保护等方面的技术要求;几种代表性的粮食、蔬菜、水果和畜禽的有机生产技术;有机食品的收获后管理、食品安全,以及对加工、运输过程的特殊要求;国际有机农业的标准体系、有机食品的认证以及有机产品的贸易与市场;最后对有机农业课程的实习提出了一些方案与建议,并介绍了国内外知名有机农场的案例。 |
| ● |
| 相关链接 |
|
|
|
|
正题名:有机农业
索取号:S34/61=2
 
预约/预借
| 序号 | 登录号 | 条形码 | 馆藏地/架位号 | 状态 | 备注 |
| 1 | 1203729 | 212037295 | 第二样本阅览室/ [索取号:S34/61=2] | 在馆 | |
| 2 | 1203730 | 212037302 | 第三借阅区/ [索取号:S34/61=2] | 在馆 | |
| 3 | 1203731 | 212037311 | 第三借阅区/ [索取号:S34/61=2] | 在馆 | |
| 4 | 1203732 | 212037320 | 第三借阅区/ [索取号:S34/61=2] | 在馆 |